00266nam a2200097Ia 4500008004100000100004600041245003200087260002500119300000800144650001600152190216s9999||||xx |||||||||||||| ||und|| aNarayanan S And Manicavachagom Pillay T K 0aVector Algebra And Analysis bViswanathan S.c1973 a187 aMathematics